000 00567cam a2200217ua 4500
001 10207
008 171011n ii |||gr||||Z||||||asm
020 _a9789382030171
040 _cMAIN
041 _aasm
082 _a330.015195
100 _aAhmed, Rofique,
_eAuthor.
245 _aStatistical methods in economics (A)
_cBy Rofique Ahmed and Debajit Saikia
250 _a2nd rev. ed.
260 _aJorhat:
_bUnika prakashan,
_c2014.
300 _a517p.
653 _aEconomics
653 _aEconometrics
700 _aSaikia, Debajit,
_eAuthor.
942 _cBK
999 _c9204
_d9204